Top 15 MLB Players of 2022 - Statistics

General Stats
  • This quiz has been taken 760 times
    648 since last reset
  • The average score is 14 of 15
Answer Stats
Hint Answer % Correct
Angels Mike Trout
99%
Yankees Aaron Judge
98%
Phillies Bryce Harper
98%
Angels Shohei Ohtani
98%
Braves Ronald Acuna Jr.
96%
Nationals Juan Soto
95%
Dodgers Mookie Betts
94%
Blue Jays Vladimir Guerrero Jr.
92%
Yankees Gerrit Cole
90%
Guardians/Indians Jose Ramirez
90%
Dodgers Freddie Freeman
89%
Mets Jacob Degrom
83%
Mets Max Scherzer
82%
Cardinals Nolan Arenado
82%
Dodgers Trea Turner
72%
No matching quizzes found
Score Distribution
Percent of People with Each Score
Percentile by Number Answered
Your Score History
You have not taken this quiz since the last reset